Developing skills for the Toeic test
Tallennettuna:
| Päätekijä: | |
|---|---|
| Aineistotyyppi: | Kirja |
| Kieli: | English |
| Julkaistu: |
TP.HCM
Trẻ
2011
|
| Aiheet: | |
| Tagit: |
Lisää tagi
Ei tageja, Lisää ensimmäinen tagi!
|
| Thư viện lưu trữ: | Trung tâm Học liệu Lê Vũ Hùng, Trường Đại học Đồng Tháp |
|---|
| LEADER | 01218amm a22002778a 4500 | ||
|---|---|---|---|
| 001 | 00031320 | ||
| 005 | 20171026081023.0 | ||
| 008 | 131125s2011 ||||||engsd | ||
| 041 | 0 | # | |a eng |
| 082 | 1 | 4 | |a 428 |b D207T |
| 100 | 1 | # | |a Edmunds, Paul |
| 245 | 1 | 0 | |a Developing skills for the Toeic test |c Paul Edmunds, Anne Taylor |h nguồn liệu điện tử] |
| 260 | # | # | |b Trẻ |c 2011 |a TP.HCM |
| 300 | # | # | |a 3 vol |c 4 3/4 inch |e sách |
| 653 | # | # | |a Bài tập |
| 653 | # | # | |a Kỹ năng |
| 653 | # | # | |a Đĩa CD |
| 653 | # | # | |a Tiếng Anh |
| 653 | # | # | |a TOEIC |
| 653 | # | # | |a Luyện thi |
| 852 | # | # | |j DPT.0001715 |j DPT.0001716 |j DPT.0001718 |j DPT.0001719 |j DPT.0001721 |j DPT.0001722 |j DPT.0001724 |j DPT.0001725 |j DPT.0001727 |j DPT.0001728 |j DPT.0001717 |j DPT.0001720 |j DPT.0001723 |j DPT.0001726 |j DPT.0001714 |j DPT.0004152 |j DPT.0004153 |j DPT.0004154 |
| 852 | # | # | |j DPT.0001714, DPT.0001715, DPT.0001716, DPT.0001717, DPT.0001718, DPT.0001719, DPT.0001720, DPT.0001721, DPT.0001722, DPT.0001723, DPT.0001724, DPT.0001725, DPT.0001726, DPT.0001727, DPT.0001728 |b Kho đa phương tiện |
| 910 | |d 25/11/2013 | ||
| 980 | # | # | |a Trung tâm Học liệu Lê Vũ Hùng, Trường Đại học Đồng Tháp |